LDR 00852naa#a2200229#i#450# 001 EN\\bibl\123384 005 20260705205952.7 011 ## _a1994-4683 100 ## _a20230731b2023####ek#y0engy0150####ca 102 ## _aRU 200 1# _aMETHODOLOGICAL ASPECTS OF TEACHING STUDENTS IN THE FIELD OF ENSURING CYBER SECURITY IN OPTIONAL CLASSES _eJournal article 210 1# _aMoscow _cNational State University of Physical Education, Sports and Health named after P.F. Lesgaft _d2023 215 ## _a3 с. 608 ## _aJournal article _2local 675 ## _aПрофессорско-преподавательский состав и научный персонал. 378.12 _z 700 #1 _aZuev _gA V 700 #1 _aBesedina _gV A 700 #1 _aBorodin _gM P 700 #1 _aGaraganov _gA V 700 #1 _aNikolaeva _gN V 700 #1 _aPlatonov _gA V 856 4# _auchzapiski.lesgaft.spb.ru _u